| 000 | 01276cam a22003498a 4500 | ||
|---|---|---|---|
| 001 | 54611260 | ||
| 003 | OCoLC | ||
| 005 | 20171017121049.0 | ||
| 008 | 040102s2004 cau b 000 1 eng | ||
| 010 | _a 2004041304 | ||
| 020 | _a0892391952 (hardcover) | ||
| 020 | _a9780892391950 (hardcover) | ||
| 040 |
_aDLC _cDLC _dCD5 _dJRK |
||
| 041 | 0 |
_aeng _aspa |
|
| 042 | _alcac | ||
| 043 | _an-us-ca | ||
| 082 | 0 | 0 |
_a[E] _222 |
| 100 | 1 | _aHerrera, Juan Felipe. | |
| 245 | 1 | 0 |
_aDesplumado = Featherless / _cstory by Juan Felipe Herrera ; illustrations by Ernesto Cuevas, Jr. |
| 246 | 3 | 1 | _aFeatherless |
| 260 |
_aSan Francisco Calif. : _bChildren's Book Press, _c2004. |
||
| 300 |
_a30 p. : _bcol. ill. ; _c26 cm. |
||
| 520 | _aAlthough Tomasito's spina bifida keeps him in a wheelchair, where he often feels as confined as his flightless and featherless pet bird, he discovers that he can feel free when he is on the soccer field. | ||
| 650 | 1 |
_aMexican Americans _vFiction. |
|
| 650 | 1 |
_aSpina bifida _vFiction. |
|
| 650 | 1 |
_aPeople with disabilities _vFiction. |
|
| 650 | 1 |
_aBirds as pets _vFiction. |
|
| 650 | 1 |
_aSpanish language materials _xBilingual. |
|
| 650 | 7 |
_aMexicano-americanos _vNovela juvenil. _2bidex. |
|
| 700 | 1 |
_aCuevas, Ernesto, _eill. |
|
| 942 | _cBK | ||
| 999 |
_c18947 _d18947 |
||